LDR 00642naa#a2200169#i#450# 001 EN\\bibl\126185 005 20260704025233.6 011 ## _a1994-5655 100 ## _a20260626b2026####ek#y0engy0150####ca 102 ## _aRU 200 1# _aAlbazin administrator Pyotr Yakimovich Oskolkov _eJournal article 210 1# _aSyktyvkar _cFSBI FIC "Komi Scientific Center of the Ural Branch of the Russian Academy of Sciences" _d2026 215 ## _a5 с. 608 ## _aJournal article _2local 675 ## _aБиографические и подобные исследования. 929 _aВсеобщая история. 94 _z 700 #1 _aGladkih _gS. A. 856 4# _akomisc.editorum.ru _u